[Event "Sarajevo Bosna op 49th"]
[Site "Sarajevo"]
[Date "2019.05.03"]
[Round "9"]
[White "Bistric, Faruk"]
[Black "Karaoglan, Kivanc"]
[Result "1/2-1/2"]
[WhiteElo "2347"]
[BlackElo "2001"]
[PlyCount "99"]
[EventDate "2019.04.27"]
[EventType "swiss"]
[EventRounds "9"]
[EventCountry "BIH"]
[SourceTitle "CBM 190 Extra"]
[Source "ChessBase"]
[SourceDate "2019.07.15"]
[SourceVersion "1"]
[SourceVersionDate "2019.07.15"]
[SourceQuality "1"]

1. b3 d5 2. Bb2 Nf6 3. Nf3 c5 4. e3 Bg4 5. h3 Bxf3 6. Qxf3 e6 7. Bb5+ Nbd7 8. c4 Be7 9. Nc3 a6 10. Bxd7+ Qxd7 11. d3 0-0 12. 0-0 Rfd8 13. Rfd1 b5 14. Rac1 Rac8 15. g4 h6 16. Kg2 Nh7 17. Ne2 Bf6 18. Bxf6 Nxf6 19. h4 dxc4 20. bxc4 Qc6 21. Qxc6 Rxc6 22. g5 hxg5 23. hxg5 Ng4 24. cxb5 axb5 25. d4 Rd5 26. g6 Rg5 27. gxf7+ Kxf7 28. Ng3 Nf6 29. Kf3 c4 30. a3 Ra6 31. Ra1 e5 32. d5 e4+ 33. Ke2 Rd6 34. a4 Rgxd5 35. axb5 Rxd1 36. Rxd1 Rb6 37. Rb1 Ke6 38. Kd2 Kd5 39. Kc3 Kc5 40. Nf5 Nd5+ 41. Kd2 c3+ 42. Ke2 Rxb5 43. Rxb5+ Kxb5 44. Nxg7 Kc4 45. Nf5 Kb3 46. Nd4+ Kb2 47. f3 exf3+ 48. Kxf3 Nc7 49. Ke2 Ne6 50. Nxe6 1/2-1/2

[Event "Sarajevo Bosna op 49th"]
[Site "Sarajevo"]
[Date "2019.04.30"]
[Round "6"]
[White "Jerkovic, Maroje"]
[Black "Bistric, Faruk"]
[Result "0-1"]
[WhiteElo "2145"]
[BlackElo "2347"]
[PlyCount "120"]
[EventDate "2019.04.27"]
[EventType "swiss"]
[EventRounds "9"]
[EventCountry "BIH"]
[SourceTitle "CBM 190 Extra"]
[Source "ChessBase"]
[SourceDate "2019.07.15"]
[SourceVersion "1"]
[SourceVersionDate "2019.07.15"]
[SourceQuality "1"]

1. e4 e6 2. d4 c5 3. c3 Qc7 4. Nf3 d6 5. Bd3 Nd7 6. 0-0 Ne7 7. Re1 b6 8. Na3 a6 9. Bf4 e5 10. Bg3 Bb7 11. dxe5 dxe5 12. Nc4 f6 13. a4 0-0-0 14. b4 Kb8 15. Qb3 g6 16. Red1 Bh6 17. Bc2 Nc8 18. Rab1 Rhe8 19. Ne1 Bf4 20. f3 Bxg3 21. hxg3 cxb4 22. Qxb4 a5 23. Qb5 Ka7 24. Na3 Qc5+ 25. Kh2 Qxb5 26. Nxb5+ Kb8 27. Nd3 Ba6 28. c4 Bxb5 29. cxb5 Nc5 30. Nxc5 bxc5 31. Bb3 Nb6 32. Rdc1 Rc8 33. Rd1 c4 34. Rd6 Kc7 35. Rc6+ Kb7 36. Rxc8 Rxc8 37. Bc2 Rd8 38. Rc1 Rd4 39. Kg1 Kc7 40. Kf2 Kd6 41. Ke3 Kc5 42. g4 Kb4 43. f4 g5 44. g3 Ka3 45. Rb1 Ka2 46. fxe5 fxe5 47. Rd1 Kb2 48. Rxd4 exd4+ 49. Kxd4 Kxc2 50. e5 c3 51. e6 Kb3 52. e7 c2 53. e8Q c1Q 54. Qc6 Qc4+ 55. Ke5 Nxa4 56. Kf6 Nc3 57. Kxg5 Qxb5+ 58. Qxb5+ Nxb5 59. Kh6 Nd4 60. Kxh7 Nf3 0-1

[Event "Sarajevo Bosna op 49th"]
[Site "Sarajevo"]
[Date "2019.04.27"]
[Round "1"]
[White "Bistric, Faruk"]
[Black "Colpa, Husein"]
[Result "1-0"]
[WhiteElo "2347"]
[BlackElo "1854"]
[PlyCount "73"]
[EventDate "2019.04.27"]
[EventType "swiss"]
[EventRounds "9"]
[EventCountry "BIH"]
[SourceTitle "CBM 190 Extra"]
[Source "ChessBase"]
[SourceDate "2019.07.15"]
[SourceVersion "1"]
[SourceVersionDate "2019.07.15"]
[SourceQuality "1"]

1. c4 e5 2. b3 Nc6 3. Bb2 Bc5 4. e3 Qe7 5. Nc3 Nf6 6. Nge2 d6 7. Ng3 0-0 8. Be2 Be6 9. a3 a5 10. Bf3 Qd7 11. Qc2 Bb6 12. Nd5 Bxd5 13. cxd5 Ne7 14. Qd3 Ng4 15. 0-0 Nh6 16. Qc4 f5 17. Bxe5 g5 18. Bb2 Ng6 19. Rac1 Rae8 20. Bh5 f4 21. Bxg6 hxg6 22. Ne2 f3 23. Ng3 fxg2 24. Kxg2 Qf7 25. f4 g4 26. e4 Qe7 27. Rce1 Qh7 28. Qe2 Re7 29. e5 dxe5 30. fxe5 Ref7 31. e6 Rxf1 32. Rxf1 Bc5 33. Ne4 Be7 34. Rxf8+ Kxf8 35. Be5 Bd6 36. Nxd6 cxd6 37. Bxd6+ 1-0

[Event "Sarajevo Bosna op 48th"]
[Site "Sarajevo"]
[Date "2018.05.11"]
[Round "9"]
[White "Djukic, Nikola"]
[Black "Bistric, Faruk"]
[Result "1-0"]
[WhiteElo "2556"]
[BlackElo "2346"]
[PlyCount "111"]
[EventDate "2018.05.05"]
[EventType "swiss"]
[EventRounds "9"]
[EventCountry "BIH"]
[SourceTitle "CBM 184 Extra"]
[Source "ChessBase"]
[SourceDate "2018.06.28"]
[SourceVersion "1"]
[SourceVersionDate "2018.06.28"]
[SourceQuality "1"]

1. e4 Nf6 2. e5 Nd5 3. d4 d6 4. Nf3 Bg4 5. Be2 c6 6. 0-0 Bxf3 7. Bxf3 dxe5 8. dxe5 e6 9. Qe2 Nd7 10. g3 Bc5 11. Nd2 0-0 12. Bg2 a5 13. Ne4 Bd4 14. c4 Ne7 15. Rd1 c5 16. Be3 Bxe3 17. Qxe3 Nf5 18. Qa3 b6 19. Nxc5 bxc5 20. Bxa8 Qc7 21. Be4 Nd4 22. f4 f6 23. Qd3 fxe5 24. Bxh7+ Kh8 25. Be4 exf4 26. gxf4 Rxf4 27. Qh3+ Kg8 28. Qh7+ Kf8 29. Qh8+ Kf7 30. Qh5+ Kg8 31. Qh7+ Kf8 32. Kh1 Nf6 33. Qh8+ Kf7 34. Rg1 Nf5 35. Bxf5 Qc6+ 36. Rg2 exf5 37. Qxg7+ Ke6 38. Re1+ Re4 39. Qg3 f4 40. Qh3+ Kf7 41. Rf1 Rxc4 42. Qf5 Qd5 43. Qg6+ Ke7 44. Re1+ Re4 45. Rxe4+ Nxe4 46. Qg7+ Kd6 47. Qh6+ Ke5 48. Qh5+ Kd4 49. Qxd5+ Kxd5 50. Kg1 Kd4 51. Re2 c4 52. h4 a4 53. a3 Ng3 54. Re8 c3 55. bxc3+ Kxc3 56. Rb8 1-0

[Event "Travnik op"]
[Site "Travnik"]
[Date "2017.07.29"]
[Round "5"]
[White "Barisic, Predrag"]
[Black "Bistric, Faruk"]
[Result "1-0"]
[WhiteElo "2038"]
[BlackElo "2354"]
[PlyCount "105"]
[EventDate "2017.07.26"]
[EventType "swiss"]
[EventRounds "7"]
[EventCountry "BIH"]
[SourceTitle "CBM 179 Extra"]
[Source "ChessBase"]
[SourceDate "2017.08.23"]
[SourceVersion "1"]
[SourceVersionDate "2017.08.23"]
[SourceQuality "1"]

1. e4 c5 2. Nf3 e6 3. d4 cxd4 4. Nxd4 a6 5. Nc3 Qc7 6. Qf3 Nc6 7. Be3 Bb4 8. Nxc6 Bxc3+ 9. bxc3 Qxc6 10. Bd4 f6 11. c4 Nh6 12. Bd3 0-0 13. 0-0 d6 14. Rab1 Bd7 15. Rb6 Qc7 16. Qg3 e5 17. Be3 Nf7 18. Rfb1 Bc6 19. h4 Kh8 20. f3 Nd8 21. c5 Ne6 22. cxd6 Qxd6 23. Qf2 Rac8 24. Bc4 f5 25. exf5 Rxf5 26. Bd3 Rff8 27. Be4 Qa3 28. Bxc6 Rxc6 29. Rxc6 bxc6 30. Rb6 Qa4 31. Qg3 Nf4 32. Bxf4 exf4 33. Qf2 Qc4 34. Kh2 h6 35. Qd2 Qc5 36. Qb4 Rf5 37. Rb8+ Kh7 38. Qe4 Qe5 39. Qd3 Qf6 40. Kg1 Kg6 41. Rd8 Kh5 42. Rd6 Qe5 43. Kh2 Rf6 44. Rxf6 Qxf6 45. Qxa6 Qxh4+ 46. Kg1 Qe1+ 47. Kh2 Qh4+ 48. Kg1 Qf6 49. a4 g5 50. a5 Qe5 51. Kh2 Kh4 52. Qxc6 h5 53. Qd7 1-0

[Event "Sarajevo Bosna op 47th"]
[Site "Sarajevo"]
[Date "2017.05.18"]
[Round "8"]
[White "Blagojevic, Dragisa"]
[Black "Bistric, Faruk"]
[Result "1-0"]
[WhiteElo "2480"]
[BlackElo "2349"]
[PlyCount "91"]
[EventDate "2017.05.13"]
[EventType "swiss"]
[EventRounds "9"]
[EventCountry "BIH"]
[SourceTitle "CBM 178 Extra"]
[Source "ChessBase"]
[SourceDate "2017.06.22"]
[SourceVersion "1"]
[SourceVersionDate "2017.06.22"]
[SourceQuality "1"]

1. d4 e6 2. c4 c5 3. d5 exd5 4. cxd5 d6 5. Nc3 Ne7 6. Nf3 Ng6 7. g3 Be7 8. Bg2 0-0 9. 0-0 Re8 10. Nd2 Nd7 11. h3 f5 12. e3 Bf6 13. a4 Nge5 14. Qc2 g6 15. b3 Bg7 16. Bb2 Nf6 17. Rae1 Bd7 18. e4 Qb6 19. Kh1 c4 20. bxc4 Rac8 21. Nb5 Nxc4 22. Bd4 Nxd2 23. Qxd2 Qa6 24. Qb2 Rf8 25. exf5 Qxa4 26. Nxd6 Rc2 27. Qa1 Ra2 28. Qb1 Bxf5 29. Nxf5 gxf5 30. Bxf6 Bxf6 31. Qxf5 Qd4 32. Re4 Qc5 33. Qe6+ Kh8 34. Rf4 Bg7 35. d6 Rd2 36. Rxf8+ Bxf8 37. Qf6+ Kg8 38. Qe6+ Kg7 39. Qd7+ Kh8 40. Be4 Qh5 41. Qc8 Qh6 42. d7 Qf6 43. Qxb7 Qe6 44. Qa8 Qe7 45. Bc6 Qf6 46. Bd5 1-0

[Event "Sarajevo Bosna op 47th"]
[Site "Sarajevo"]
[Date "2017.05.13"]
[Round "1"]
[White "Okuyaz, Duru"]
[Black "Bistric, Faruk"]
[Result "0-1"]
[WhiteElo "1917"]
[BlackElo "2349"]
[PlyCount "62"]
[EventDate "2017.05.13"]
[EventType "swiss"]
[EventRounds "9"]
[EventCountry "BIH"]
[SourceTitle "CBM 178 Extra"]
[Source "ChessBase"]
[SourceDate "2017.06.22"]
[SourceVersion "1"]
[SourceVersionDate "2017.06.22"]
[SourceQuality "1"]

1. e4 c5 2. Nf3 d6 3. Bb5+ Bd7 4. Bxd7+ Nxd7 5. 0-0 Ngf6 6. Re1 e6 7. c3 Rc8 8. d4 cxd4 9. cxd4 d5 10. e5 Ne4 11. Nbd2 Nxd2 12. Bxd2 Be7 13. Qa4 a6 14. Ba5 b5 15. Bxd8 bxa4 16. Ba5 Nb8 17. Rac1 Kd7 18. a3 Rxc1 19. Rxc1 Nc6 20. Bc3 Rc8 21. Kf1 Na5 22. Ke2 f6 23. Kd3 Nc4 24. exf6 gxf6 25. Nd2 Nd6 26. g4 e5 27. Re1 e4+ 28. Ke3 f5 29. gxf5 Nxf5+ 30. Kf4 Rf8 31. Ke5 Nd6 0-1

[Event "Sarajevo Bosna op 45th"]
[Site "Sarajevo"]
[Date "2015.06.04"]
[Round "8"]
[White "Bistric, Faruk"]
[Black "Dedic, Nedzad"]
[Result "1-0"]
[WhiteElo "2370"]
[BlackElo "1927"]
[PlyCount "121"]
[EventDate "2015.05.30"]
[EventType "swiss"]
[EventRounds "9"]
[EventCountry "BIH"]
[SourceTitle "CBM 166 Extra"]
[Source "ChessBase"]
[SourceDate "2015.06.18"]
[SourceVersion "1"]
[SourceVersionDate "2015.06.18"]
[SourceQuality "1"]

1. e4 e5 2. Nf3 Nc6 3. Bb5 a6 4. Bxc6 bxc6 5. 0-0 d6 6. d4 exd4 7. Nxd4 c5 8. Nf5 g6 9. Ne3 Bg7 10. Nd5 c6 11. Ndc3 Ne7 12. Na4 Be6 13. Nbc3 0-0 14. Bg5 Be5 15. Qd2 Qc7 16. Rad1 f5 17. Bf4 Bc4 18. Bxe5 dxe5 19. Rfe1 f4 20. Qd7 Rac8 21. Nxc5 f3 22. Ne6 Qxd7 23. Rxd7 Bxe6 24. Rxe7 Rf6 25. gxf3 Bh3 26. Re3 Be6 27. Rd3 Bc4 28. Rdd7 h5 29. Kg2 Be6 30. Ra7 Rd8 31. f4 exf4 32. e5 Rf7 33. h4 Rxe7 34. Rxe7 Bg4 35. Ne4 Kf8 36. Rc7 Rb8 37. b3 Re8 38. Rxc6 Rxe5 39. f3 Bf5 40. Rxa6 Rd5 41. Rc6 Rd1 42. a4 Re1 43. a5 Ke7 44. Rc4 Ra1 45. b4 Ra2 46. Kf2 Bd7 47. Ke1 Ra1+ 48. Kd2 Rf1 49. Nc5 Bb5 50. Rxf4 Kd6 51. c4 Be8 52. Rf6+ Ke7 53. Re6+ Kf7 54. Ke2 Rc1 55. Re4 Bc6 56. Rf4+ Ke7 57. a6 Kd6 58. Kd2 Ra1 59. Rf6+ Kc7 60. b5 Ra2+ 61. Kc3 1-0

[Event "Sarajevo Bosna op-A 44th"]
[Site "Sarajevo"]
[Date "2014.06.04"]
[Round "7"]
[White "Bistric, Faruk"]
[Black "Burovic, Ismet"]
[Result "1-0"]
[WhiteElo "2363"]
[BlackElo "2374"]
[PlyCount "99"]
[EventDate "2014.05.30"]
[EventType "swiss"]
[EventRounds "9"]
[EventCountry "BIH"]
[SourceTitle "CBM 160 Extra"]
[Source "ChessBase"]
[SourceDate "2014.07.01"]
[SourceVersion "1"]
[SourceVersionDate "2014.07.01"]
[SourceQuality "1"]

1. Nf3 Nf6 2. d4 g6 3. Qd3 d5 4. e3 Bg7 5. Be2 0-0 6. 0-0 c5 7. dxc5 Qa5 8. Qc3 Qc7 9. Qa3 Nbd7 10. b4 b6 11. cxb6 Nxb6 12. Bb2 Nc4 13. Bxc4 Qxc4 14. Nbd2 Qxc2 15. Rac1 Qf5 16. Rc7 g5 17. Rxe7 g4 18. Nd4 Qg5 19. Rxa7 Rxa7 20. Qxa7 h5 21. Rc1 h4 22. Qb8 Bd7 23. Qf4 Qxf4 24. exf4 Ra8 25. a3 Nh5 26. Rc7 Ba4 27. g3 Re8 28. Rc1 Bf6 29. Ba1 Ra8 30. Ne2 Re8 31. Nc3 Rc8 32. Bb2 Bxc3 33. Bxc3 d4 34. Bb2 Rd8 35. Rc5 Ng7 36. f3 hxg3 37. hxg3 f5 38. Kf2 Bd1 39. b5 Bxf3 40. Nxf3 gxf3 41. Kxf3 Ne6 42. Rc1 d3 43. Ke3 Nc5 44. Rd1 Rb8 45. Bd4 Re8+ 46. Be5 Ra8 47. Kd4 Rc8 48. b6 Kf7 49. Kd5 Nb7 50. Bc7 1-0

[Event "Sarajevo Bosna op-A 44th"]
[Site "Sarajevo"]
[Date "2014.06.03"]
[Round "6"]
[White "Kiroski, Toni"]
[Black "Bistric, Faruk"]
[Result "1/2-1/2"]
[WhiteElo "2327"]
[BlackElo "2363"]
[PlyCount "84"]
[EventDate "2014.05.30"]
[EventType "swiss"]
[EventRounds "9"]
[EventCountry "BIH"]
[SourceTitle "CBM 160 Extra"]
[Source "ChessBase"]
[SourceDate "2014.07.01"]
[SourceVersion "1"]
[SourceVersionDate "2014.07.01"]
[SourceQuality "1"]

1. e4 Nf6 2. Nc3 d6 3. d4 g6 4. Nf3 Bg7 5. Bc4 0-0 6. Bb3 Bg4 7. h3 Bxf3 8. Qxf3 Nc6 9. Ne2 Nd7 10. c3 e5 11. d5 Ne7 12. g4 f5 13. gxf5 gxf5 14. Rg1 fxe4 15. Qxe4 Nc5 16. Qg2 Ng6 17. Bc2 Qf6 18. Bg5 Qf7 19. h4 Kh8 20. h5 Ne7 21. h6 Bxh6 22. Bxh6 Rg8 23. Qh1 Rxg1+ 24. Nxg1 Nxd5 25. 0-0-0 c6 26. Nh3 Rg8 27. Rg1 Nf6 28. Rxg8+ Nxg8 29. Ng5 Qf6 30. b4 Nd7 31. Kb2 Nxh6 32. Nxh7 Qg7 33. Qh4 d5 34. Qd8+ Ng8 35. Bf5 e4 36. Ng5 Ne5 37. Be6 Qg6 38. Bxg8 Nc4+ 39. Kb3 Qxg8 40. Qf6+ Qg7 41. Qd8+ Qg8 42. Qf6+ Qg7 1/2-1/2

[Event "Sarajevo Bosna op-A 44th"]
[Site "Sarajevo"]
[Date "2014.05.30"]
[Round "1"]
[White "Bistric, Faruk"]
[Black "Palac, Mladen"]
[Result "0-1"]
[WhiteElo "2363"]
[BlackElo "2569"]
[PlyCount "65"]
[EventDate "2014.05.30"]
[EventType "swiss"]
[EventRounds "9"]
[EventCountry "BIH"]
[SourceTitle "CBM 160 Extra"]
[Source "ChessBase"]
[SourceDate "2014.07.01"]
[SourceVersion "1"]
[SourceVersionDate "2014.07.01"]
[SourceQuality "1"]

1. d4 Nf6 2. Qd3 d5 3. Nd2 g6 4. e4 dxe4 5. Nxe4 Nxe4 6. Qxe4 Bg7 7. Nf3 0-0 8. Bc4 c5 9. Be3 Qc7 10. dxc5 Bxb2 11. 0-0 Nd7 12. Rae1 Nxc5 13. Qh4 Bf6 14. Ng5 h5 15. Bf4 Qc6 16. Re3 Ne6 17. Bb3 Nd4 18. Be5 Nxb3 19. cxb3 Bxe5 20. Rxe5 f6 21. Rxe7 fxg5 22. Qxg5 Qf6 23. Qe3 b6 24. Rc1 Bf5 25. h3 Rf7 26. Rcc7 Rxe7 27. Rxe7 Qd6 28. Rb7 Qd1+ 29. Kh2 Qd6+ 30. Kg1 Bd7 31. Qg5 Bc6 32. Re7 Re8 33. Rxe8+ 0-1

[Event "Sarajevo Bosna op 41st"]
[Site "Sarajevo"]
[Date "2011.05.11"]
[Round "8"]
[White "Berczes, David"]
[Black "Bistric, Faruk"]
[Result "1-0"]
[WhiteElo "2531"]
[BlackElo "2376"]
[PlyCount "64"]
[EventDate "2011.05.03"]
[EventType "swiss"]
[EventRounds "9"]
[EventCountry "BIH"]
[SourceTitle "CBM 142 Extra"]
[Source "ChessBase"]
[SourceDate "2011.06.27"]
[SourceVersion "1"]
[SourceVersionDate "2011.06.27"]
[SourceQuality "1"]

1. d4 f5 2. g3 Nf6 3. Bg2 g6 4. Nf3 Bg7 5. 0-0 0-0 6. b3 c5 7. Bb2 Na6 8. e3 d6 9. c4 Qe8 10. Nc3 e5 11. dxe5 dxe5 12. e4 Bd7 13. exf5 gxf5 14. Nb5 e4 15. Nd6 Qe7 16. Nh4 Ne8 17. Qd5+ Be6 18. Ndxf5 Qf7 19. Qxe4 Bxf5 20. Nxf5 Qxf5 21. Qxf5 Rxf5 22. Bxg7 Nxg7 23. Bxb7 Nc7 24. Bxa8 Nxa8 25. Rad1 Nb6 26. Rfe1 Kf7 27. Rd8 Ne6 28. Rb8 Ke7 29. Rb7+ Nd7 30. Rxa7 Rf6 31. f4 h5 32. Re5 Kd8 1-0

[Event "Sarajevo Bosna op 41st"]
[Site "Sarajevo"]
[Date "2011.05.08"]
[Round "5"]
[White "Bistric, Faruk"]
[Black "Alihodzic, Muzafer"]
[Result "0-1"]
[WhiteElo "2376"]
[BlackElo "2109"]
[PlyCount "98"]
[EventDate "2011.05.03"]
[EventType "swiss"]
[EventRounds "9"]
[EventCountry "BIH"]
[SourceTitle "CBM 142 Extra"]
[Source "ChessBase"]
[SourceDate "2011.06.27"]
[SourceVersion "1"]
[SourceVersionDate "2011.06.27"]
[SourceQuality "1"]

1. e4 c6 2. d4 d5 3. Nc3 dxe4 4. Nxe4 Nd7 5. Ne2 Ndf6 6. N2g3 g6 7. Bc4 Bg7 8. c3 Nd5 9. Qb3 b6 10. 0-0 e6 11. Bg5 f6 12. Bd2 Nge7 13. Rfe1 0-0 14. Rad1 h6 15. Bc1 Qc7 16. Bf1 f5 17. Nd2 b5 18. Nf3 Bd7 19. Bd2 a5 20. Ne2 g5 21. Nc1 Ng6 22. Nd3 Rae8 23. Qc2 Re7 24. b3 Nf6 25. Bc1 Ne4 26. Ba3 Nd6 27. Nc5 Bc8 28. g3 Rd8 29. Bg2 Ree8 30. Re2 g4 31. Ne1 h5 32. Bc1 Bf6 33. Ned3 h4 34. Nf4 h3 35. Bh1 Nf8 36. Rde1 Kf7 37. Nfd3 b4 38. c4 Bxd4 39. Bb2 Bxb2 40. Qxb2 Ng6 41. Ne5+ Nxe5 42. Qxe5 Qb6 43. Nd3 Nxc4 44. bxc4 Rxd3 45. c5 Qd8 46. Bxc6 Re7 47. Re3 Rd2 48. Qf4 Qc7 49. Re5 Qxc6 0-1

[Event "Pula op 22nd"]
[Site "Pula"]
[Date "2008.06.23"]
[Round "3"]
[White "Rice, Christopher"]
[Black "Bistric, Faruk"]
[Result "0-1"]
[WhiteElo "2108"]
[BlackElo "2382"]
[PlyCount "92"]
[EventDate "2008.06.21"]
[EventType "swiss"]
[EventRounds "9"]
[EventCountry "CRO"]
[SourceTitle "CBM 125 Extra"]
[Source "ChessBase"]
[SourceDate "2008.09.01"]
[SourceVersion "1"]
[SourceVersionDate "2008.09.01"]
[SourceQuality "1"]

1. c4 c5 2. g3 Nc6 3. Bg2 g6 4. Nc3 Bg7 5. a3 e6 6. b4 d6 7. Rb1 Nge7 8. Nf3 0-0 9. 0-0 b6 10. e3 Bb7 11. Qb3 Qd7 12. Bb2 Rab8 13. Rfd1 Rfc8 14. d3 Ba8 15. Ne4 e5 16. Nfd2 Nd8 17. Rdc1 Ne6 18. Nc3 Bxg2 19. Kxg2 f5 20. f4 g5 21. Nd5 Ng6 22. fxg5 Nxg5 23. Qd1 Rf8 24. Qh5 Ne6 25. Rf1 Rf7 26. Rf2 Rbf8 27. Rbf1 Bh8 28. Kg1 Qa4 29. Qd1 Qd7 30. Qh5 Qd8 31. Nf3 f4 32. exf4 exf4 33. Bxh8 Kxh8 34. Qg4 Rf5 35. Nd2 Qg5 36. Qxg5 Nxg5 37. Kg2 Ne6 38. Ne4 Ne5 39. Nxd6 f3+ 40. Kg1 Rg5 41. Ne4 Rg4 42. Ne3 Rg7 43. Nd2 Nd4 44. Ng2 Nxd3 45. Nxf3 Nxf2 46. Nxd4 Nh3+ 0-1

[Event "BIH-chT 7th"]
[Site "Neum"]
[Date "2008.06.12"]
[Round "9"]
[White "Bistric, Faruk"]
[Black "Bogosavljevic, Boban"]
[Result "0-1"]
[WhiteElo "2382"]
[BlackElo "2492"]
[PlyCount "82"]
[EventDate "2008.06.04"]
[EventType "team-tourn"]
[EventRounds "9"]
[EventCountry "BIH"]
[SourceTitle "EXT 2019"]
[Source "ChessBase"]
[SourceDate "2018.10.10"]
[SourceVersion "1"]
[SourceVersionDate "2018.10.10"]
[SourceQuality "1"]
[WhiteTeam "Sarajevo Zeljeznicar"]
[BlackTeam "Sokolac Glasinac"]
[WhiteTeamCountry "BIH"]
[BlackTeamCountry "BIH"]

1. Nc3 c5 2. Nf3 Nc6 3. d4 cxd4 4. Nxd4 Nf6 5. Bg5 e6 6. Ne4 d5 7. Nxf6+ gxf6 8. Bh4 e5 9. Nb3 a5 10. a3 d4 11. e4 a4 12. Nd2 Bh6 13. Qh5 Bxd2+ 14. Kxd2 Qa5+ 15. Kd1 d3 16. Bxd3 Rg8 17. Qxh7 Rg6 18. Bc4 Bg4+ 19. Kc1 0-0-0 20. Qxf7 Qd2+ 21. Kb1 Nd4 22. Ka2 Qh6 23. Rae1 Rd7 24. Qe8+ Rd8 25. Qf7 Bd7 26. Bg3 Bc6 27. Qe7 Rg7 28. Qc5 Rc7 29. Qb6 Kb8 30. c3 Nb3 31. Rd1 Nd2 32. Rxd2 Qxd2 33. f3 Bxe4 34. fxe4 Rxc4 35. Bf2 Rxe4 36. Qa7+ Kc8 37. Qc5+ Kd7 38. Qb5+ Ke6 39. Bc5 Qd5+ 40. Ka1 Rc8 41. Qb6+ Rc6 0-1

[Event "BIH-chT 7th"]
[Site "Neum"]
[Date "2008.06.10"]
[Round "7"]
[White "Bistric, Faruk"]
[Black "Pikula, Dejan"]
[Result "1/2-1/2"]
[WhiteElo "2382"]
[BlackElo "2530"]
[PlyCount "24"]
[EventDate "2008.06.04"]
[EventType "team-tourn"]
[EventRounds "9"]
[EventCountry "BIH"]
[SourceTitle "EXT 2019"]
[Source "ChessBase"]
[SourceDate "2018.10.10"]
[SourceVersion "1"]
[SourceVersionDate "2018.10.10"]
[SourceQuality "1"]
[WhiteTeam "Sarajevo Zeljeznicar"]
[BlackTeam "Sarajevo SK Slavija Istocno"]
[WhiteTeamCountry "BIH"]
[BlackTeamCountry "BIH"]

1. d4 Nf6 2. Nf3 e6 3. e3 c5 4. Bd3 cxd4 5. exd4 Be7 6. 0-0 b6 7. c4 Bb7 8. Nc3 d6 9. b3 0-0 10. Bb2 d5 11. Qe2 Nbd7 12. Rac1 g6 1/2-1/2

[Event "BIH-chT 7th"]
[Site "Neum"]
[Date "2008.06.07"]
[Round "4"]
[White "Bistric, Faruk"]
[Black "Rade, Miroslav"]
[Result "1-0"]
[WhiteElo "2382"]
[BlackElo "2441"]
[PlyCount "89"]
[EventDate "2008.06.04"]
[EventType "team-tourn"]
[EventRounds "9"]
[EventCountry "BIH"]
[SourceTitle "EXT 2019"]
[Source "ChessBase"]
[SourceDate "2018.10.10"]
[SourceVersion "1"]
[SourceVersionDate "2018.10.10"]
[SourceQuality "1"]
[WhiteTeam "Sarajevo Zeljeznicar"]
[BlackTeam "Siroki Brijeg"]
[WhiteTeamCountry "BIH"]
[BlackTeamCountry "BIH"]

1. Nc3 Nf6 2. e4 e5 3. Nf3 Nc6 4. a3 g6 5. Bc4 Bg7 6. d3 d6 7. Be3 0-0 8. h3 Be6 9. Qd2 d5 10. exd5 Nxd5 11. Bh6 Qd7 12. Bxg7 Kxg7 13. 0-0-0 f6 14. d4 Nxc3 15. Qxc3 Bxc4 16. Qxc4 e4 17. d5 exf3 18. dxc6 Qxc6 19. Qxc6 bxc6 20. g3 f5 21. Rd3 Rad8 22. Rxf3 Rfe8 23. Rd1 Rxd1+ 24. Kxd1 Rd8+ 25. Ke2 Rb8 26. b3 Kf6 27. Rf4 Ke6 28. Ra4 Ra8 29. Ke3 a6 30. Kf4 c5 31. h4 h6 32. Ra5 Kd6 33. b4 cxb4 34. axb4 c6 35. h5 gxh5 36. Rxf5 Re8 37. Kf3 Re5 38. Rxe5 Kxe5 39. Ke3 c5 40. bxc5 Kd5 41. Kd3 Kxc5 42. Kc3 h4 43. gxh4 h5 44. Kb3 a5 45. Ka4 1-0

[Event "BIH-chT 7th"]
[Site "Neum"]
[Date "2008.06.04"]
[Round "1"]
[White "Vukic, Milan"]
[Black "Bistric, Faruk"]
[Result "1/2-1/2"]
[WhiteElo "2474"]
[BlackElo "2382"]
[PlyCount "96"]
[EventDate "2008.06.04"]
[EventType "team-tourn"]
[EventRounds "9"]
[EventCountry "BIH"]
[SourceTitle "EXT 2019"]
[Source "ChessBase"]
[SourceDate "2018.10.10"]
[SourceVersion "1"]
[SourceVersionDate "2018.10.10"]
[SourceQuality "1"]
[WhiteTeam "Banja Luka KSK"]
[BlackTeam "Sarajevo Zeljeznicar"]
[WhiteTeamCountry "BIH"]
[BlackTeamCountry "BIH"]

1. Nf3 c5 2. c4 g6 3. e4 Nc6 4. d4 cxd4 5. Nxd4 Nf6 6. Nc3 d6 7. Be2 Nxd4 8. Qxd4 Bg7 9. Bg5 0-0 10. Qd2 a5 11. Rc1 a4 12. 0-0 Qa5 13. Rfd1 Be6 14. Bd3 Rfc8 15. b3 axb3 16. axb3 Kf8 17. Bh6 Qb4 18. Bc2 Nd7 19. Qd4 Nf6 20. Bxg7+ Kxg7 21. Ra1 Kg8 22. f4 Ra5 23. Rxa5 Qxa5 24. Rb1 Rc5 25. h3 Rc8 26. g4 g5 27. f5 Bd7 28. Nd5 Nxd5 29. exd5 f6 30. Ra1 Qb4 31. Qe3 Kf7 32. Bd1 Rc5 33. Bf3 Ra5 34. Rxa5 Qxa5 35. Kf2 Ke8 36. Be2 Kd8 37. Qd4 Qc5 38. Qe3 Kc7 39. Kf3 Qxe3+ 40. Kxe3 Be8 41. Kd4 b6 42. Bd1 Kb7 43. b4 Kc7 44. Kc3 Kb7 45. Kb3 Ka7 46. Ka3 Kb7 47. Ba4 Bxa4 48. Kxa4 Ka6 1/2-1/2

[Event "Dubrovnik op"]
[Site "Dubrovnik"]
[Date "2008.04.24"]
[Round "4"]
[White "Bistric, Faruk"]
[Black "Milanovic, Danilo"]
[Result "0-1"]
[WhiteElo "2382"]
[BlackElo "2531"]
[PlyCount "78"]
[EventDate "2008.04.24"]
[EventType "swiss"]
[EventRounds "7"]
[EventCountry "CRO"]
[SourceTitle "CBM 124 Extra"]
[Source "ChessBase"]
[SourceDate "2008.07.03"]
[SourceVersion "1"]
[SourceVersionDate "2008.07.03"]
[SourceQuality "1"]

1. Nc3 d5 2. e4 d4 3. Nce2 e5 4. Nf3 f6 5. Ng3 Be6 6. Bb5+ c6 7. Ba4 Nd7 8. Bb3 Nc5 9. Bxe6 Nxe6 10. 0-0 Qd7 11. d3 0-0-0 12. Rb1 g6 13. b4 h5 14. Nh4 Ne7 15. a4 Bg7 16. b5 c5 17. a5 Kb8 18. Bd2 Bh6 19. Bxh6 Rxh6 20. Re1 Nf4 21. Nf1 g5 22. Nf3 Neg6 23. Ng3 g4 24. Nd2 Nh4 25. Nf5 Nxf5 26. exf5 Qxf5 27. Ne4 Qd7 28. b6 a6 29. Qd2 Qc6 30. g3 Nh3+ 31. Kf1 Rg6 32. f3 gxf3 33. Rec1 h4 34. c3 f5 35. Nf2 Nxf2 36. Kxf2 hxg3+ 37. hxg3 Rxg3 38. Rg1 f4 39. cxd4 Qh6 0-1

[Event "Dubrovnik op"]
[Site "Dubrovnik"]
[Date "2008.04.24"]
[Round "7"]
[White "Popovic, Zoran"]
[Black "Bistric, Faruk"]
[Result "0-1"]
[WhiteElo "2327"]
[BlackElo "2382"]
[PlyCount "48"]
[EventDate "2008.04.24"]
[EventType "swiss"]
[EventRounds "7"]
[EventCountry "CRO"]
[SourceTitle "CBM 124 Extra"]
[Source "ChessBase"]
[SourceDate "2008.07.03"]
[SourceVersion "1"]
[SourceVersionDate "2008.07.03"]
[SourceQuality "1"]

1. d4 Nf6 2. c4 c5 3. d5 e5 4. Nc3 d6 5. e3 g6 6. Bd3 Bg7 7. Nge2 0-0 8. 0-0 Nh5 9. f4 exf4 10. exf4 f5 11. Rb1 Re8 12. a3 Nd7 13. b4 Nhf6 14. Rf3 cxb4 15. axb4 a5 16. Na4 axb4 17. Rxb4 Qa5 18. Bd2 Ng4 19. Kh1 Nc5 20. Bc2 Ne4 21. Bxe4 fxe4 22. Rxb7 Bxb7 23. Bxa5 exf3 24. Be1 f2 0-1